Statistiken für Kennen Sie diese Regionen?

Klicken Sie hier um das Quiz zu spielen!

Allgemein

  • Dieses Quiz wurde 151 mal gespielt
    (150 seit der letzten Aktualisierung)
  • Das Durchschnittsergebnis liegt bei 69 aus 80

Antwortstatistiken

FrageKachelSelect% Korrekt
Länder, die zu den Nordischen Ländern gehören?UngarnNein
100%
Länder, die zu den Nordischen Ländern gehören?NiederlandeNein
99%
Länder, die zu den Nordischen Ländern gehören?DeutschlandNein
98%
Länder, die zu den Nordischen Ländern gehören?FinnlandJa
98%
Länder, die zu den Nordischen Ländern gehören?PolenNein
98%
Länder, die zu den Nordischen Ländern gehören?SchwedenJa
97%
Länder, die zu den Nordischen Ländern gehören?NorwegenJa
96%
Länder in Südamerika ?BrasilienJa
95%
Länder, die zu den Baltischen Staaten gehören?DänemarkNein
95%
Länder, die zu den Baltischen Staaten gehören?IslandNein
95%
Länder in Südamerika ?MexikoNein
95%
Länder, die zu den Baltischen Staaten gehören?NorwegenNein
95%
Länder, die zu den Baltischen Staaten gehören?SchwedenNein
95%
Länder, die zu den Nordischen Ländern gehören?WeißrusslandNein
95%
Länder, die zu den Baltischen Staaten gehören?BelgienNein
94%
Länder, die zu den Baltischen Staaten gehören?DeutschlandNein
94%
Länder in Südamerika ?KubaNein
94%
Länder, die zu den Baltischen Staaten gehören?LuxemburgNein
94%
Länder, die zu den Baltischen Staaten gehören?NiederlandeNein
94%
Länder in Südamerika ?PeruJa
94%
Länder in Südamerika ?BolivienJa
93%
Länder, die zu den Baltischen Staaten gehören?FinnlandNein
93%
Länder, die zu Maghreb gehören?ItalienNein
93%
Länder, die zu den Baltischen Staaten gehören?TschechienNein
93%
Länder in Südamerika ?UruguayJa
93%
Länder in Südamerika ?ChileJa
92%
Länder, die zu den Nordischen Ländern gehören?IrlandNein
92%
Länder in Südamerika ?KolumbienJa
92%
Länder, die zu Maghreb gehören?MaltaNein
92%
Länder in Südamerika ?NicaraguaNein
92%
Länder in Südamerika ?ParaguayJa
92%
Länder, die zu den Baltischen Staaten gehören?PolenNein
92%
Länder in Südamerika ?VenezuelaJa
92%
Länder, die zu den Nordischen Ländern gehören?DänemarkJa
91%
Länder, die zu Maghreb gehören?GriechenlandNein
91%
Länder am Horn von Afrika ?SambiaNein
91%
Länder, die zu Maghreb gehören?SpanienNein
91%
Länder, die zu den Baltischen Staaten gehören?EstlandJa
90%
Länder in Südamerika ?HondurasNein
90%
Länder, die zu den Baltischen Staaten gehören?LettlandJa
90%
Länder, die zu den Baltischen Staaten gehören?LitauenJa
90%
Länder am Horn von Afrika ?MalawiNein
90%
Länder, die zu den Baltischen Staaten gehören?RusslandNein
90%
Länder, die zu Maghreb gehören?ÄthiopienNein
89%
Länder in Südamerika ?EcuadorJa
89%
Länder, die zu den Nordischen Ländern gehören?SchottlandNein
89%
Länder in Südamerika ?GuyanaJa
88%
Länder, die zu Maghreb gehören?IsraelNein
88%
Länder in Südamerika ?PanamaNein
88%
Länder am Horn von Afrika ?SüdsudanNein
88%
Länder, die zu den Baltischen Staaten gehören?WeißrusslandNein
88%
Länder, die zu Maghreb gehören?ZypernNein
88%
Länder am Horn von Afrika ?LesothoNein
87%
Länder am Horn von Afrika ?SudanNein
87%
Länder am Horn von Afrika ?BotswanaNein
85%
Länder, die zu Maghreb gehören?IrakNein
85%
Länder am Horn von Afrika ?SimbabweNein
85%
Länder am Horn von Afrika ?SwasilandNein
85%
Länder am Horn von Afrika ?TansaniaNein
85%
Länder, die zu den Nordischen Ländern gehören?IslandJa
84%
Länder am Horn von Afrika ?MosambikNein
84%
Länder, die zu Maghreb gehören?TürkeiNein
84%
Länder, die zu den Nordischen Ländern gehören?LettlandNein
83%
Länder, die zu Maghreb gehören?LibanonNein
82%
Länder, die zu den Nordischen Ländern gehören?LitauenNein
82%
Länder, die zu den Nordischen Ländern gehören?RusslandNein
82%
Länder, die zu Maghreb gehören?MarokkoJa
81%
Länder in Südamerika ?SurinameJa
81%
Länder, die zu Maghreb gehören?AlgerienJa
78%
Länder, die zu Maghreb gehören?TunesienJa
78%
Länder, die zu den Nordischen Ländern gehören?EstlandNein
77%
Länder am Horn von Afrika ?SüdafrikaNein
76%
Länder am Horn von Afrika ?SomaliaJa
74%
Länder am Horn von Afrika ?KeniaNein
72%
Länder, die zu Maghreb gehören?LibyenJa
68%
Länder am Horn von Afrika ?EritreaJa
65%
Länder am Horn von Afrika ?ÄthiopienJa
63%
Länder am Horn von Afrika ?DschibutiJa
61%
Länder, die zu Maghreb gehören?WestsaharaJa
47%
Länder, die zu Maghreb gehören?MauretanienJa
38%

Verteilung der Resultate

Perzentil nach korrekt beantworteten Fragen

Anzahl Personen mit jedem Resultat

Ihre Resultats-Entwicklung

Sie haben dieses Quiz seit der letzten Aktualisierung nicht gespielt